Statystyki dla Odgadnij Rapera po jego teledysku

Kliknij tutaj aby rozwiązać quiz!

Ogólne statystyki

  • Ten quiz został rozwiązany 978 razy
  • Średni wynik to 18 z 25

Statystyki odpowiedzi

Lp.UtwórWykonawcaWspółwykonawca% Poprawnych
1Język CiałaTymekBig Scythe
100%
4Chłopaki nie płacząBedoesKubi Producent, Taco Hemingway
95%
23UAReTo-------------
95%
13BossmanReTo-------------
95%
9Half DeadQuebonafideReto
93%
10HinataSzpaku-------------
89%
630 KM/HKali-------------
86%
11Nie, nieOtsochodzi-------------
86%
14FijiTaco Hemingway-------------
85%
15MówiłaśYoung Igi-------------
85%
16Intercontinental bajersBiałasSolar
84%
194 Pory RokuQbik-------------
83%
8Gdybyś kiedyśPaluch-------------
76%
2UzależnionySmolastyOtsochodzi
73%
24DementorFilipekTymek
71%
20BraciskuBlachaBedoes
69%
7MASNO FESTDychaMasno
61%
25Jestem MarynarzemBEKA KSH-------------
58%
22AlcatrazO.S.T.R
58%
18Chcemy być wyżejSokół-------------
54%
5Będziemy dzićmiZEUS-------------
44%
17Mówiła MiB.R.O-------------
43%
21Jeden BuziakTKM-------------
41%
3Ostatni DrinkZBUKU-------------
34%
12Co Tu Jest GraneNowator-------------
12%

Rozkład punktacji

Percentyl według liczby udzielonych odpowiedzi

Procent ludzi z każdym wynikiem

Twoja historia wyników

Nie rozwiązałeś tego quizu